000 00731nam a22002177a 4500
999 _c10426
_d10426
003 AR-CdUCM
008 190401b ||||| |||| 00| 0 spa d
040 _aMUNICIPALIDAD PROVINCIAL DEL CUSCO
_cBIBLIOTECA MUNICIPAL DEL CUSCO
082 _24ed.
_aES / 800 /
_bSW98
100 _aSwift, J.
_927275
245 _aViajes de Gulliver :
_bA liliput y brobdingnag /
260 _aBuenos Aires ;
_bAtlantida S. A. ;
_c1957.
300 _a104 páginas ;
_bIlustraciones
_c17cm
440 _aBiblioteca Billiken - Colección Roja
_927273
505 _aContenido: Novela
650 _aNovela
_9572
650 _aLiteratura juvenil
_91580
700 _aDieste, Rafael (versión reducida)
_927276
942 _2ddc
_cLIBROS
945 _anom